| 000 | 00489nam a2200181Ia 4500 | ||
|---|---|---|---|
| 008 | 230524s9999 xx 000 0 und d | ||
| 020 | _a978813150541 | ||
| 082 |
_a658.132 _bWIS |
||
| 100 | _aJoel D.Wisner | ||
| 245 | 0 | _aPrinciples of Supply Chain Management: A Balanced Approach | |
| 250 | _aIST | ||
| 260 |
_aNEW DELHI _bCengage _c2009 |
||
| 300 | _aXV;492 | ||
| 500 | _aQuantity Number: 2 | ||
| 650 | _aManagement | ||
| 700 | _a"G.Keong Leong , Keah-Choon Tan,,," | ||
| 942 | _cBK | ||
| 999 |
_c45552 _d45552 |
||